| 000 | 00969cam a2200265 a 4500 | ||
|---|---|---|---|
| 001 | 9140 | ||
| 003 | FISKH | ||
| 005 | 20251125104309.0 | ||
| 008 | 951018s1997 nyua j 000 0 eng | ||
| 010 | _a 95025975 | ||
| 020 | _a9780590898294 | ||
| 035 | _a1143899 | ||
| 040 |
_aDLC _cDLC _dDLC _beng |
||
| 050 | 0 | 0 |
_aPZ8.1.D564 _bHu 1997 |
| 082 | 0 | 0 |
_a398.2/0966/02 _aE _220 |
| 100 | 1 | _aDiakité, Baba Wagué. | |
| 245 | 1 | 4 |
_aThe hunterman and the crocodile : _ba West African folktale/ _cretold and illustrated by Baba Wagué Diakité. |
| 260 |
_aNew York : _bScholastic, _c1997. |
||
| 300 |
_a24 unnumbered pages : _bcolor illustrations ; _c23 cm |
||
| 520 | _aDonso, a West African hunterman, learns the importance of living in harmony with nature and the necessity of placing humans among, not above, all other living things. | ||
| 650 | 1 |
_aFolklore _zAfrica, West. |
|
| 906 |
_a7 _bcbc _corignew _d1 _eocip _f19 _gy-gencatlg |
||
| 942 |
_2ddc _cBK _n0 |
||
| 999 |
_c9140 _d9140 |
||